00334nam a2200133Ia 4500008004100000041001200041082001100053100001500064245005900079260003300138300000800171650000700179700001400186221030s9999 xx 000 0 und d aEnglish a105.23 aM. L. Soni 2aA course in Electrical Powercby M. L. Soni, Bhatnagar bDhanpat RaiaNew Delhic1992 a812 aEE aBhatnagar